নিঃশব্দ বজ্র : (Record no. 2419)

MARC details
000 -LEADER
fixed length control field 00979nam a2200241 a 4500
003 - CONTROL NUMBER IDENTIFIER
control field BD-DhJNU
005 - DATE AND TIME OF LATEST TRANSACTION
control field 20251211040456.0
008 - FIXED-LENGTH DATA ELEMENTS--GENERAL INFORMATION
fixed length control field 251108s2017 bg |||g |||| 000 1|ben|d
020 ## - INTERNATIONAL STANDARD BOOK NUMBER
International Standard Book Number 9789848795057
040 ## - CATALOGING SOURCE
Original cataloging agency BD-DhJNU
Language of cataloging ben
Transcribing agency BD-DhJNU
Modifying agency BD-DhJNU
041 ## - LANGUAGE CODE
Language code of text/sound track or separate title ben
082 ## - DEWEY DECIMAL CLASSIFICATION NUMBER
Classification number 891.441 DAN
Edition number 23
100 ## - MAIN ENTRY--PERSONAL NAME
Personal name দাশ, তুষার
245 10 - TITLE STATEMENT
Title নিঃশব্দ বজ্র :
Remainder of title আহসান হাবীব-এর কবিতা /
Statement of responsibility, etc. তুষার দাশ
246 ## - VARYING FORM OF TITLE
Title proper/short title Nishabda Bajra : Ahsan Habib-er Kobita
250 ## - EDITION STATEMENT
Edition statement 1st ed.
260 ## - PUBLICATION, DISTRIBUTION, ETC.
Place of publication, distribution, etc. ঢাকা :
Name of publisher, distributor, etc. প্রতীক প্রকাশনা সংস্থা,
Date of publication, distribution, etc. 2017.
300 ## - PHYSICAL DESCRIPTION
Extent ১৪৮ পৃ. :
Other physical details চিত্র ;
Dimensions ২১ সেমি.।
504 ## - BIBLIOGRAPHY, ETC. NOTE
Bibliography, etc. note গ্রন্থপঞ্জিগত নির্দেশিকা ও নিঘন্ট অন্তভূক্ত
650 ## - SUBJECT ADDED ENTRY--TOPICAL TERM
Topical term or geographic name entry element বাংলা কবিতা
650 ## - SUBJECT ADDED ENTRY--TOPICAL TERM
Topical term or geographic name entry element Bengali poetry
942 ## - ADDED ENTRY ELEMENTS (KOHA)
Koha item type Books

No items available.